00205nam a2200073Ia 4500008004100000082001600041245005800057300001600115230907s9999||||xx |||||||||||||| ||und|| a539.12bTEM 0aTemporally and spatially resolved molecular science / a569 pages :